000 01963cam a2200313 i 4500
001 22849533
003 JO-AjAnu
005 20241110095749.0
008 221102s2023 nyua b 001 0 eng
010 _a 2022052800
020 _a9781260467789
_q(hardcover)
040 _aDLC
_beng
_erda
_cDLC
_dDLC
_dJO-AjAnu
042 _apcc
050 0 0 _aQ335
_b.K77 2023
082 0 0 _a006.3
_223/eng20230119
100 1 _aKubat, Miroslav,
_d1958-
_eauthor.
245 1 0 _aFundamentals of artificial intelligence :
_bproblem solving and automated reasoning /
_cMiroslav Kubat.
264 1 _aNew York :
_bMcGraw Hill,
_c[2023]
300 _axxv, 294 pages :
_billustrations ;
_c25 cm
336 _atext
_btxt
_2rdacontent
337 _aunmediated
_bn
_2rdamedia
338 _avolume
_bnc
_2rdacarrier
504 _aIncludes bibliographical references and index.
520 _a"This comprehensive textbook focuses on the core techniques employed by today's artificial intelligence, including problem-solving by search techniques and swarm intelligence, and further knowledge representation, logic, automated reasoning, and uncertainty processing. Some information about planning techniques and expert systems is also provided. Fundamentals of Artificial Intelligence: Problem Solving and Automated Reasoning is written in a concise format, with a view to optimizing learning. Each chapter contains a brief historical overview and a Practice Makes Perfect section to encourage independent thought. The book includes many visuals that illustrate the essential ideas. Also, many easy-to-follow examples show how to use these ideas in practical implementations"--
_cProvided by publisher.
650 0 _aArtificial intelligence
_vTextbooks.
906 _a7
_bcbc
_corignew
_d1
_eecip
_f20
_gy-gencatlg
942 _2lcc
_cBK
_n0
999 _c33846
_d33846